| 000 | 00491nam a2200157Ia 4500 | ||
|---|---|---|---|
| 008 | 180910s9999 xx 000 0 und d | ||
| 100 | _aAmerican Marketing Association. | ||
| 245 | _aJournal of Marketing research / | ||
| 245 | _cAmerican Marketing Association. | ||
| 260 |
_bAmerican Marketing Association _c2018 |
||
| 300 | _apages 305-457, June 2018 | ||
| 440 |
_aJournal of marketing research / _vLV.3 |
||
| 650 | _aMarketing research. | ||
| 650 | _aPeriodicals. | ||
| 942 |
_2lcc _cSE |
||
| 999 |
_c358766 _d358766 |
||